| 000 | 00503nam a22001815i 4500 | ||
|---|---|---|---|
| 001 | 48555 | ||
| 003 | ES-MaACL | ||
| 005 | 20230906161755.0 | ||
| 007 | t| | ||
| 008 | 950724m18761900it ||||1| ita d | ||
| 040 |
_aCAM _bspa _cCAM |
||
| 100 | 1 |
_aDe Sanctis, Francesco. _943078 |
|
| 245 | 1 | 3 |
_aUn viaggio elettorale / _cracconto di Francesco de Sanctis. |
| 260 |
_aNapoli : _bVito Morano, _c[187-?] |
||
| 300 |
_a2 v. p. ; _c18 cm. |
||
| 505 | 8 | _aContiene: t. I-II | |
| 852 |
_aES-MaACL _jT-1232-F-6-7 |
||
| 999 |
_c48555 _d48555 |
||